000 00443nam a2200193Ia 4500
005 20240823041322.0
008 240823s9999||||xx |||||||||||||| ||und||
020 _a81-89248-72-18
041 _aTAMIL
082 _A181.45 Q0
100 _aVivekananda Kendram
245 0 _aPiranayam
250 _a1st
260 _c2010
_bVivekananda prakashan K
500 _aDISPLAY
650 _apiranayam
_bGeneral
942 _cBK
999 _c205216
_d205216